000 00814cab a2200253 4500
001 ABS56281
008 090401t1996 xxu||||| |||| 00| 0 eng d
035 _a(Sirsi) u22512
041 _aeng
245 _aAlternative land use
260 _c1996
300 _aLOAN
350 _a0
490 _aFarm Development Review
_v10(11) September 1996, (8)
520 _aArticles include CPRE critique on government policies for rural development, farm shop accreditation scheme, fish farming, woodlands on arable lowlands, field sports and managing an equine business.
650 _aEQUINE BUSINESSES
650 _aFARM DIVERSIFICATION
650 _aFARM SHOP ACCREDITATION SCHEME
650 _aFISH FARMING
650 _aRURAL BUSINESS
690 _aRURAL PRACTICE
942 _n0
948 _c04/03/1997
999 _c15086
_d15086